<?xml version="1.0" encoding="UTF-8"?>
<record
    xmlns:xsi="http://www.w3.org/2001/XMLSchema-instance"
    xsi:schemaLocation="http://www.loc.gov/MARC21/slim http://www.loc.gov/standards/marcxml/schema/MARC21slim.xsd"
    xmlns="http://www.loc.gov/MARC21/slim">

  <leader>02322    a2200229   4500</leader>
  <controlfield tag="001">33866</controlfield>
  <controlfield tag="005">20260407155629.0</controlfield>
  <controlfield tag="008">260407a2001    arg                 spa d</controlfield>
  <controlfield tag="003">AR-UNSa-BCEJYS</controlfield>
  <datafield tag="040" ind1=" " ind2=" ">
    <subfield code="a">AR-UNSa-BCEJYS</subfield>
    <subfield code="b">spa</subfield>
    <subfield code="c">AR-UNSa-BCEJYS</subfield>
  </datafield>
  <datafield tag="080" ind1=" " ind2=" ">
    <subfield code="a">658.011.56</subfield>
    <subfield code="x">Automatizaci&#xF3;n</subfield>
  </datafield>
  <datafield tag="245" ind1="1" ind2="0">
    <subfield code="a">Sistemas de informaci&#xF3;n para la gesti&#xF3;n empresaria</subfield>
    <subfield code="p">procedimientos, seguridad y auditor&#xED;a</subfield>
  </datafield>
  <datafield tag="020" ind1=" " ind2=" ">
    <subfield code="a">978-987-9460-51-1</subfield>
  </datafield>
  <datafield tag="264" ind1=" " ind2="1">
    <subfield code="a">Buenos Aires :</subfield>
    <subfield code="b">Pearson Educaci&#xF3;n</subfield>
    <subfield code="c">2001</subfield>
  </datafield>
  <datafield tag="300" ind1=" " ind2=" ">
    <subfield code="a">xv, 444 p.</subfield>
    <subfield code="c">26 cm.</subfield>
  </datafield>
  <datafield tag="505" ind1=" " ind2=" ">
    <subfield code="a">I: 1. Metodolog&#xED;a de exposici&#xF3;n de procedimientos - 2. Estudio de procedimientos: Compras mayores y recepci&#xF3;n - 3. Principios y t&#xE9;cnicas de control: Compras mayores y recepci&#xF3;n - 4. Estudio de procedimientos: cuentas a pagar - 5. Principios y t&#xE9;cnicas de control: cuentas a pagar - 6. Estudio de procedimientos: Comercializaci&#xF3;n - 7. Estudio de procedimientos: Ventas a cr&#xE9;ditos - 8. Principios y t&#xE9;cnicas de control: Ventas a cr&#xE9;dito - 9. Estudio de procedimientos: Pedidos de clientes - 10. Estudio de procedimientos:  Facturaci&#xF3;n a clientes - 11. Estudio de procedimientos: Cuentas a cobrar - 12. Estudio de procedimientos: Cobranzas - 13. Estudio de procedimientos: Cobranzas en punto de venta - 14. Principios y t&#xE9;cnicas de control: Cuetnas a cobrar y cobranzas - 15. Estudio de procedimientos: Remuneraciones - 17. Estudio de procedimientos: Administraci&#xF3;n de inventario de productos terminados - 18. Estudio de procedimientos: Bienes de Uso - II: Seguridad y auditor&#xED;a inform&#xE1;tica : 19. Seguridad inform&#xE1;tica - 20. Auditor&#xED;a de sistemas de informaci&#xF3;n - 21. Auditor&#xED;a de organizaci&#xF3;n y administraci&#xF3;n del ambiente inform&#xE1;tico - 22. Controles de accesos l&#xF3;gicos y f&#xED;sicos - 23. Seguridad en los sistemas de base de datos - 24. Seguridad de redes y sistemas distribuidos - 25. Auditor&#xED;a del desarrollo de sistemas - 26. Auditor&#xED;a de sistemas de aplicaci&#xF3;n instalados - 27. T&#xE9;cnicas de auditor&#xED;a y evaluaci&#xF3;n - 28. T&#xE9;cnicas de auditor&#xED;a asistidas por computadoras - 29. Recuperaci&#xF3;n de desastres. Continuidad de operaciones.</subfield>
  </datafield>
  <datafield tag="041" ind1=" " ind2=" ">
    <subfield code="a">spa</subfield>
  </datafield>
  <datafield tag="942" ind1=" " ind2=" ">
    <subfield code="c">BK</subfield>
  </datafield>
  <datafield tag="590" ind1=" " ind2=" ">
    <subfield code="a">niveau_biblio:m niveau_hierar:0</subfield>
  </datafield>
  <datafield tag="100" ind1="1" ind2=" ">
    <subfield code="a">Lardent, Alberto R.</subfield>
  </datafield>
  <datafield tag="856" ind1="4" ind2="1">
    <subfield code="u">https://www.biblioeco.unsa.edu.ar/pmb/images/libros/L87022.jpg</subfield>
    <subfield code="y">Imagen de portada</subfield>
    <subfield code="q">image/jpeg</subfield>
  </datafield>
  <datafield tag="999" ind1=" " ind2=" ">
    <subfield code="c">2398</subfield>
    <subfield code="d">2398</subfield>
  </datafield>
  <datafield tag="952" ind1=" " ind2=" ">
    <subfield code="0">0</subfield>
    <subfield code="1">0</subfield>
    <subfield code="4">0</subfield>
    <subfield code="7">0</subfield>
    <subfield code="a">BCEJYS</subfield>
    <subfield code="b">BCEJYS</subfield>
    <subfield code="c">16</subfield>
    <subfield code="d">2026-04-07</subfield>
    <subfield code="l">0</subfield>
    <subfield code="o">658.011.56 L321p</subfield>
    <subfield code="p">L86548</subfield>
    <subfield code="r">2026-04-07 15:56:29</subfield>
    <subfield code="w">2026-04-07</subfield>
    <subfield code="y">L</subfield>
  </datafield>
  <datafield tag="952" ind1=" " ind2=" ">
    <subfield code="0">0</subfield>
    <subfield code="1">0</subfield>
    <subfield code="4">0</subfield>
    <subfield code="7">0</subfield>
    <subfield code="a">BCEJYS</subfield>
    <subfield code="b">BCEJYS</subfield>
    <subfield code="c">16</subfield>
    <subfield code="d">2026-04-07</subfield>
    <subfield code="l">0</subfield>
    <subfield code="o">658.011.56 L321p</subfield>
    <subfield code="p">L87020</subfield>
    <subfield code="r">2026-04-07 15:56:29</subfield>
    <subfield code="w">2026-04-07</subfield>
    <subfield code="y">L</subfield>
  </datafield>
  <datafield tag="952" ind1=" " ind2=" ">
    <subfield code="0">0</subfield>
    <subfield code="1">0</subfield>
    <subfield code="4">0</subfield>
    <subfield code="7">0</subfield>
    <subfield code="a">BCEJYS</subfield>
    <subfield code="b">BCEJYS</subfield>
    <subfield code="c">16</subfield>
    <subfield code="d">2026-04-07</subfield>
    <subfield code="l">0</subfield>
    <subfield code="o">658.011.56 L321p</subfield>
    <subfield code="p">L87022</subfield>
    <subfield code="r">2026-04-07 15:56:29</subfield>
    <subfield code="w">2026-04-07</subfield>
    <subfield code="y">L</subfield>
  </datafield>
  <datafield tag="952" ind1=" " ind2=" ">
    <subfield code="0">0</subfield>
    <subfield code="1">0</subfield>
    <subfield code="4">0</subfield>
    <subfield code="7">0</subfield>
    <subfield code="a">BCEJYS</subfield>
    <subfield code="b">BCEJYS</subfield>
    <subfield code="c">16</subfield>
    <subfield code="d">2026-04-07</subfield>
    <subfield code="l">0</subfield>
    <subfield code="o">658.011.56 L321p</subfield>
    <subfield code="p">L86549</subfield>
    <subfield code="r">2026-04-07 15:56:29</subfield>
    <subfield code="w">2026-04-07</subfield>
    <subfield code="y">L</subfield>
  </datafield>
  <datafield tag="952" ind1=" " ind2=" ">
    <subfield code="0">0</subfield>
    <subfield code="1">0</subfield>
    <subfield code="4">0</subfield>
    <subfield code="7">0</subfield>
    <subfield code="a">BCEJYS</subfield>
    <subfield code="b">BCEJYS</subfield>
    <subfield code="c">16</subfield>
    <subfield code="d">2026-04-07</subfield>
    <subfield code="l">0</subfield>
    <subfield code="o">658.011.56 L321p</subfield>
    <subfield code="p">L86550</subfield>
    <subfield code="r">2026-04-07 15:56:29</subfield>
    <subfield code="w">2026-04-07</subfield>
    <subfield code="y">L</subfield>
  </datafield>
</record>
